000 00693nam a22002537a 4500
001 34827
003 UA-OsUOA
005 20200729190150.0
007 ta
008 20051024b un ||||| |||| 00| 0 ukr d
020 _a5829700468
040 _aUA-OsUOA
_brus
_cUA-OsUOA
_dUA-OsUOA
041 _arus
080 _a1(075.8)
090 _a1(075.8)
_bГ95
100 _aГуревич П. С.
245 _aОсновы философии
_bучеб. пособ.
260 _aМ.
_bГардарики
_c2004
300 _a439 с.
650 7 _a1 Філософські науки
_2UDC
942 _cBK
_2udc
955 _a2
999 _c321255
_d321255